000 00644nam a2200241Ia 4500
003 OSt
005 20220918200825.0
006 a|||||r|||| 00| 0
007 ta
008 220917b |||||||| |||| 00| 0 eng d
024 _a90,453
037 _cTextual
040 _aARTS
_cARTS
_beng
041 _2eng
_aeng
082 _aU8:6wM62, K3
100 _aClair Colin
_995708
245 0 _aMary Kingsley
_b African explorer
260 _aLeavesden
_bBruce and Gawthorn
_c1963
490 _aFigures of the commonwealth
650 _aGEOGRAPHY
942 _hU8:6wM62, K3
_cTEXL
_2CC
999 _c214116
_d214116